<?xml version="1.0" encoding="UTF-8"?>
<record
    xmlns:xsi="http://www.w3.org/2001/XMLSchema-instance"
    xsi:schemaLocation="http://www.loc.gov/MARC21/slim http://www.loc.gov/standards/marcxml/schema/MARC21slim.xsd"
    xmlns="http://www.loc.gov/MARC21/slim">

  <leader>01465nam a2200277 i 4500</leader>
  <controlfield tag="001">985</controlfield>
  <controlfield tag="003">KOSZ 005</controlfield>
  <controlfield tag="005">20180411114637.0</controlfield>
  <controlfield tag="008">150311s2007    pl o   f f   |000 0 pol</controlfield>
  <datafield tag="020" ind1=" " ind2=" ">
    <subfield code="a">978-83-7365-131-9</subfield>
  </datafield>
  <datafield tag="040" ind1=" " ind2=" ">
    <subfield code="c">BPK</subfield>
    <subfield code="d">KOSZ 005/EG</subfield>
  </datafield>
  <datafield tag="080" ind1=" " ind2=" ">
    <subfield code="a">378</subfield>
  </datafield>
  <datafield tag="080" ind1=" " ind2=" ">
    <subfield code="a">394.4</subfield>
  </datafield>
  <datafield tag="100" ind1="1" ind2=" ">
    <subfield code="a">KRZY&#x17B;Y&#x143;SKI, Tomasz.</subfield>
    <subfield code="d">1997 - .</subfield>
    <subfield code="b">Politechnika Koszali&#x144;ska - Wydzia&#x142; Mechaniczny,</subfield>
    <subfield code="c">Katedra Mechaniki Precyzyjnej - Zak&#x142;ad Mechatroniki</subfield>
  </datafield>
  <datafield tag="245" ind1="1" ind2="0">
    <subfield code="a">40 lat Politechniki Koszali&#x144;skiej :</subfield>
    <subfield code="b">ksi&#x119;ga jubileuszowa.</subfield>
    <subfield code="n">Cz.2 /</subfield>
    <subfield code="c">pod red. Tomasza Krzy&#x17C;y&#x144;skigo, Agnieszki Kowalskiej, Agnieszki Kuleszy, Andrzeja Markiewicza, Agnieszki Rydzkowskiej.</subfield>
  </datafield>
  <datafield tag="260" ind1=" " ind2=" ">
    <subfield code="a">Koszalin :</subfield>
    <subfield code="b">Wydaw. Uczelniane Politechniki Koszali&#x144;skiej,</subfield>
    <subfield code="c">2007.</subfield>
  </datafield>
  <datafield tag="300" ind1=" " ind2=" ">
    <subfield code="a">222 s. :</subfield>
    <subfield code="b">fot.</subfield>
  </datafield>
  <datafield tag="500" ind1=" " ind2=" ">
    <subfield code="a">Dane z autopsji.</subfield>
  </datafield>
  <datafield tag="520" ind1=" " ind2=" ">
    <subfield code="a">Druga cz&#x119;&#x15B;&#x107; ksi&#x119;gi jubileuszowej, stanowi ona uzupe&#x142;nienie pierwszej cz&#x119;&#x15B;ci, wydanej z okazji 35-lecia Politechniki Koszali&#x144;skiej. Zawiera ona najwa&#x17C;niejsze informacje z &#x17C;ycia uczelni z lat 2004-2007.</subfield>
  </datafield>
  <datafield tag="650" ind1=" " ind2="0">
    <subfield code="a">Politechnika Koszali&#x144;ska.</subfield>
  </datafield>
  <datafield tag="700" ind1="1" ind2=" ">
    <subfield code="a">KOWALSKA, Agnieszka.</subfield>
    <subfield code="b">Politechnika Koszali&#x144;ska - Rzecznik Prasowy</subfield>
    <subfield code="d">2007 - .</subfield>
  </datafield>
  <datafield tag="700" ind1="1" ind2=" ">
    <subfield code="a">KULESZA, Agnieszka.</subfield>
    <subfield code="b">Politechnika Koszali&#x144;ska</subfield>
    <subfield code="d">2007 - 2010.</subfield>
  </datafield>
  <datafield tag="700" ind1="1" ind2=" ">
    <subfield code="a">MARKIEWICZ, Andrzej.</subfield>
    <subfield code="b">Politechnika Koszali&#x144;ska - Biuro Rektora</subfield>
    <subfield code="d">1984 - .</subfield>
  </datafield>
  <datafield tag="700" ind1="1" ind2=" ">
    <subfield code="a">RYDZKOWSKA, Agnieszka.</subfield>
    <subfield code="b">Politechnika Koszali&#x144;ska - Dzia&#x142; Studencki</subfield>
    <subfield code="d">1997 - .</subfield>
  </datafield>
  <datafield tag="942" ind1=" " ind2=" ">
    <subfield code="c">KS</subfield>
    <subfield code="2">UKD</subfield>
  </datafield>
  <datafield tag="999" ind1=" " ind2=" ">
    <subfield code="c">985</subfield>
    <subfield code="d">985</subfield>
  </datafield>
  <datafield tag="952" ind1=" " ind2=" ">
    <subfield code="0">0</subfield>
    <subfield code="1">0</subfield>
    <subfield code="4">0</subfield>
    <subfield code="7">0</subfield>
    <subfield code="a">BPK</subfield>
    <subfield code="b">BPK</subfield>
    <subfield code="o">85580</subfield>
    <subfield code="y">KS</subfield>
  </datafield>
</record>
